=LDR 00000nam 2200000 4500 =001 INLIS000000000058631 =005 20211006073913 =035 ##$$a 0010-1021000079 =007 ta =008 211006###########################0#ind## =020 ##$$a 979-007-062-4 =082 ##$$a 297.422 5 =084 ##$$a 297.422 5 Zai h =245 1#$$a Hukum Gadai Syariah /$c Prof.Dr. H. Zainuddin Ali, M.A. =250 ##$$a Cet.1 =300 ##$$a x,126 halaman ; $c 26 cm =650 #4$$a Hukum Perbankan =264 ##$$a jakarta :$b Sinar grafika,$c 2008 =336 ##$$a teks$2 rdacontent =337 ##$$a lain-lain$2 rdamedia =338 ##$$a lain-lain$2 rdacarrier =990 ##$$a 15531553